| 000 | 00763nac a22002411u 4500 | ||
|---|---|---|---|
| 008 | 230725s2002 ii ||||| |||| 00| 0 eng d | ||
| 010 | _a2001097644 | ||
| 020 | _a1931841535 | ||
| 020 | _a8120320298 | ||
| 040 |
_aEG-ScBUE _cEG-ScBUE |
||
| 082 | 0 | 0 |
_a005.2 _bW677 _222 |
| 100 | 1 | _aWilfred, Ashish Daniel. | |
| 245 | 1 | 0 |
_aPHP professional projects / _cAshish Daniel Wilfred, Meeta Gupta, Kartik Bhatnagar, with NIIT. |
| 260 |
_aNew Delhi _bPrentice Hall of India, _cc2002. |
||
| 300 |
_axxvii, 868 p. : _bill. ; _c24 cm. |
||
| 650 | 0 |
_aPHP (Computer program language) _2BUEsh |
|
| 650 | 0 |
_aWeb sites _xDesign. _2BUEsh |
|
| 651 | _2BUEsh | ||
| 700 | 1 | _aGupta, Meeta. | |
| 700 | 1 | _aBhatnagar, Kartik. | |
| 710 | 2 | _aNIIT (Corporation) | |
| 942 |
_cBB _2ddc |
||
| 999 |
_c30500 _d30471 |
||